| 000 | 00949nam a22003137a 4500 | ||
|---|---|---|---|
| 003 | CHAP | ||
| 005 | 20220329134651.0 | ||
| 008 | 971013s1942 r 00010 d | ||
| 010 | _a23913 | ||
| 011 | _a24885 | ||
| 035 | _a28985 | ||
| 040 | _cCHAP | ||
| 082 |
_a330.973 _bH32Y |
||
| 100 | 0 | 0 |
_aHacker, Louis Morton. _952173 |
| 245 | _aProceso y triunfo del capitalismo norteamericano | ||
| 260 |
_aBuenos Aires : _bEd. Sudamericana, _c1942 |
||
| 300 | _a410 p. | ||
| 590 |
_aBATCH-UPD _b10 _c20130110 _lUCH01 _h1934 |
||
| 590 |
_aBATCH-UPD _b10 _c20130410 _lUCH01 _h1258 |
||
| 590 |
_aBATCH-UPD _b10 _c20130914 _lUCH01 _h0844 |
||
| 590 |
_aCONVERSION _b10 _c20130109 _lUCH01 _h1314 |
||
| 650 | 1 | 4 |
_aCapitalismo. _918711 |
| 650 | 1 | 4 |
_aE.U.A. _xHistoria. _934843 |
| 650 | 1 | 4 |
_aIndustria _xE.U.A. _957703 |
| 650 | 1 | 4 |
_aPolítica económica _xE.U.A. _990503 |
| 901 | _aBK | ||
| 942 | _cLIBRO | ||
| 949 |
_a330.973 H32Y _bBC _cLIBRO _d-67022 _eLIBRO _i28985 _si |
||
| 999 |
_c23913 _d23913 |
||